000 00884ngm a22002650a 4500
001 PT37016
003 AR-LpoUNG
005 20210202000508.0
007 vd cvaizq
008 191001s2009||||ag |||||||||||||||||spa d
040 _aAR-LpoUNG
_bspa
_cAR-LpoUNG
_eaacr
041 _aspa
044 _aag
082 0 _a302.23 252sas
245 1 0 _aJuan Sasturiain
260 _aBuenos Aires :
_bUniversidad Nacional de General Sarmiento,
_c2009.
300 _aDVD : son., col.
520 _aJuan Sasturain, escritor y periodista, estuvo presente el lunes 30 de noviembre de 2009 en la Universidad Nacional de General Sarmiento en un encuentro sobre: la literatura y el periodismo.
651 4 _aArgentina
653 _aDVD
653 _aVIDEOS
710 2 _aUniversidad Nacional de General Sarmiento. Espacio de Producción en Comunicación
905 _a37016
942 _cDVD
999 _c54962
_d54962